| 000 | 00804nam a22002057a 4500 | ||
|---|---|---|---|
| 999 |
_c14302 _d14302 |
||
| 003 | AR-CdUCM | ||
| 008 | 190422b ||||| |||| 00| 0 spa d | ||
| 040 |
_aMUNICIPALIDAD PROVINCIAL DEL CUSCO _cBIBLIOTECA MUNICIPAL DEL CUSCO |
||
| 082 |
_a341 / _bM42 / 1959 |
||
| 100 |
_aMendoza Diez, Alvaro _91540 |
||
| 245 |
_aFilosofía del abuso el derecho : _b(Un ensayo de reinterpretación) |
||
| 260 |
_aTrujillo : _b"U", _c1959. |
||
| 300 |
_a48 páginas ; _c22 cm. |
||
| 505 | _aContenido : Filosofía del abuso el derecho -- El abuso del derecho en la legislación positiva -- El abuso del derecho en la doctrina civilista -- Filosofía del abuso del derecho ... | ||
| 650 |
_aFilosofía _9395 |
||
| 650 |
_aDerecho _9739 |
||
| 650 |
_aAbuso _933035 |
||
| 942 |
_2ddc _cLIBROS |
||
| 945 |
_arah _d22/04/2019 |
||